| 000 | 00960cam a22003137a 4500 | ||
|---|---|---|---|
| 003 | CHAP | ||
| 005 | 20220817041426.0 | ||
| 008 | 971013s1967 r 00010 d | ||
| 010 | _a14092 | ||
| 011 | _a15064 | ||
| 035 | _a19138 | ||
| 040 | _cCHAP | ||
| 090 | _aFolleto 6047 | ||
| 100 | 0 | 0 |
_aHernández Benedí, José Manuel. _953855 |
| 245 | 1 | 3 | _aEl champiñón |
| 260 |
_aMadrid ; Ministerio de Agricultura, _c1967 |
||
| 300 |
_a28 p. _b: ilus. |
||
| 490 | 0 |
_aHojas divulgadoras _v; 21-22/67 |
|
| 590 |
_aBATCH-UPD _b10 _c20130110 _lUCH01 _h1112 |
||
| 590 |
_aBATCH-UPD _b10 _c20130410 _lUCH01 _h0703 |
||
| 590 |
_aBATCH-UPD _b10 _c20130914 _lUCH01 _h1902 |
||
| 590 |
_aCONVERSION _b10 _c20130109 _lUCH01 _h1309 |
||
| 650 | 1 | 4 |
_aSetas. _9105368 |
| 830 | 0 |
_aHojas divulgadoras _v; 21-22/67 |
|
| 901 | _aBK | ||
| 942 | _cFOLL | ||
| 949 |
_aFolleto 6047 _bBC _cFOLL _d-44358 _eTS1 _i19138 _mD _si |
||
| 949 |
_aFolleto 6047 _bBC _cFOLL _d-44359 _eTS2 _fc.2 _i19138 _mD _si |
||
| 999 |
_c14092 _d14092 |
||